<Das> Darwin-Prinzip <Die> Wiederentdeckung der Leistung
Enregistré dans:
| Auteur principal: | |
|---|---|
| Autres auteurs: | , |
| Format: | Livre |
| Langue: | allemand |
| Publié: |
Landsberg
Moderne Industrie
1996
|
| Édition: | 1. Aufl. |
| Sujets: | |
| Tags: |
Pas de tags, Soyez le premier à ajouter un tag!
|
MARC
| LEADER | 00000nam a2200000 4500 | ||
|---|---|---|---|
| 001 | c017665 | ||
| 005 | 20221205125058.4 | ||
| 020 | |a 3-478-35440-4 | ||
| 041 | 0 | |a ger | |
| 044 | |a DE | ||
| 245 | 1 | 0 | |a <Das> Darwin-Prinzip |b <Die> Wiederentdeckung der Leistung |c Werner G. Faix, Carsten Rasner, Monika Schuch |
| 250 | |a 1. Aufl. | ||
| 264 | 1 | |a Landsberg |b Moderne Industrie |c 1996 | |
| 300 | |a 196 s. | ||
| 610 | 2 | 0 | |a výkony pracovné |
| 610 | 2 | 0 | |a výkony podnikové |
| 610 | 2 | 0 | |a výkonnosť |
| 610 | 2 | 0 | |a prosperita ekonomická |
| 610 | 2 | 0 | |a úspech pracovný |
| 610 | 2 | 0 | |a teórie rastu hospodárskeho |
| 610 | 2 | 0 | |a autorita |
| 610 | 2 | 0 | |a kolektív |
| 610 | 2 | 0 | |a organizácie |
| 610 | 2 | 0 | |a kariéra |
| 610 | 2 | 0 | |a riadenie podnikové |
| 610 | 2 | 0 | |a kontrola |
| 610 | 2 | 0 | |a integrácia |
| 610 | 2 | 0 | |a kultúra podniková |
| 610 | 2 | 0 | |a rast hospodársky |
| 610 | 2 | 0 | |a Nemecko |
| 610 | 2 | 0 | |a Darwin |
| 100 | 1 | |a Faix, Werner G. | |
| 700 | 1 | |a Rasner, Carsten | |
| 700 | 1 | |a Schuch, Monika | |